| 000 | 01618nam0a2200373 4500 | ||
|---|---|---|---|
| 001 | RU\NLR\BIBL_A\016345389 | ||
| 005 | 20250625051015.0 | ||
| 010 |
_a978-5-17-154596-3 _94000 |
||
| 021 |
_aRU _b2023-16233 _9КН-П-1621 |
||
| 035 | _a(RuMoRGB)011651852 | ||
| 035 | _a(NLR Aleph) 016345389 | ||
| 090 |
_a13104408 _c13104408 |
||
| 100 | _a20230417d2023 |||y0rusy50 ca | ||
| 101 | 0 | _arus | |
| 102 | _aRU | ||
| 105 | _ay z 000ay | ||
| 181 | 0 |
_ai4 _baxxe |
|
| 182 | 0 | _an | |
| 200 | 1 |
_aМаврушины сказки _eистории, вдохновленные жизнью _fМавридика де Монбазон |
|
| 203 |
_aТекст _bвизуальный _cнепосредственный |
||
| 210 |
_aМосква _cВремена _cАСТ _d2023 |
||
| 215 |
_a349, [1] с. _d21 |
||
| 225 | 1 | _aСерия "Рассказы Рунета" | |
| 300 | _aНа 4-й с. обл. авт.: Евгения Матвеева, псевд. Мавридика де Монбазон | ||
| 327 | 1 | _aСодерж.: Деточка; Батя; Вспоминая будущее; Двенадцать лет счастья; Вот такой он, папа; Конфуз; Полудница; Сказка про огненного человека; Умная Зина; Старуха [и др.] | |
| 333 | _a16+ | ||
| 675 |
_a821.161.1-34 _v4 |
||
| 686 | 2 | _aШ6(2=Р)8-440.5 | |
| 700 | 1 |
_7ca _8rus _aМонбазон _bМ. де _gМавридика де _9253578 _3RU\NLR\AUTH\770253634 |
|
| 942 | _cBOOK | ||
| 980 | _aNB | ||